00801nam a22002297a 450000500170000000800390001702000150005602000180007104000530008904100080014210000310015024500930018125000350027426000440030930000450035349000350039850400530043365000130048665000200049965000220051970000300054120140903174958.0131128s2011 xxuab frn 001 0deng a1592858309 a9781592858309 aCO-BoUCMcAngélica RojasdDiana Londoñobspa00aeng1 aFernandez, Humbertod1950-10aHeroin its history, pharmacology, and treatmentcHumberto Fernandez y Therissa A. Libby a2nd edbrevisada y actualizada aCenter City (Minnesota)bHazeldenc2011 axi, 287 páginasbilustraciones, mapas1 aThe library of Addictive Drugs aIncluye referencias bibliográficas e índices 4aMetadona 7aAbuso de drogas 7aHeroinaxHistoria1 aLibby, Therissa A.d1960-